INTRODUCTION TO TANTRA SASTRA (Record no. 24123)

MARC details
000 -LEADER
fixed length control field 00352nam a22001577a 4500
003 - CONTROL NUMBER IDENTIFIER
control field SGT
082 ## - DEWEY DECIMAL CLASSIFICATION NUMBER
Classification number 615.53
Item number I90W
100 ## - MAIN ENTRY--PERSONAL NAME
Personal name WOODROFFE, SIR JOHN
245 ## - TITLE STATEMENT
Title INTRODUCTION TO TANTRA SASTRA
250 ## - EDITION STATEMENT
Edition statement 1ST
260 ## - PUBLICATION, DISTRIBUTION, ETC. (IMPRINT)
Place of publication, distribution, etc MADRAS
Name of publisher, distributor, etc GANESH & COMPANY
Year of Publication 1990
300 ## - PAGE DESCRIPTION
No. of Pages 157
650 ## - SUBJECT ADDED ENTRY--TOPICAL TERM
Topical term or geographic name as entry element AYURVEDA
653 ## - KEYWORDS--INDEX TERM
Keyword term SASTRA, TANTRA
942 ## - ADDED ENTRY ELEMENTS (KOHA)
Source of classification or shelving scheme Dewey Decimal Classification
Koha item type Rare Books
Holdings
Withdrawn status Lost status Source of classification or shelving scheme Damaged status Use restrictions Not for loan Collection code Home library Current library Shelving location Date acquired Vendor Name Cost, normal purchase price Full call number Accession No. (Barcode) Date last seen Bill Date Koha item type
    Dewey Decimal Classification   Restricted Access   AYURVEDA SGT FA-FP Library SGT FA-FP Library On Display 10/07/2023 GIFTED 40.00 615.53 I90W FA12859 10/07/2023 10/07/2023 Rare Books